Avara terra /

Saved in:
Bibliografiske detaljer
Hovedforfatter: Cantoni, Massimo (Author)
Format: Bog
Sprog:italiensk
Udgivet: Siena : \s. n.!, 1984
Serier:Quaderni di Barbablù ; 22
Tags: Tilføj Tag
Ingen Tags, Vær først til at tagge denne postø!

MARC

LEADER 00000nam a22000007i 4500
001 IT\ICCU\CFI\0059848
003 ItRI
005 20260115232350.0
008 880429s1984 it |||||| ||||| |||||c
040 |b ita  |c importazione bologna sebina 
041 7 |a ita  |2 ISO-639-2 
082 |a 851.914  |9 POESIA ITALIANA. 1945-  |2 11 
100 1 |a Cantoni, Massimo  |0 IT\ICCU\CFIV\038160  |4 aut 
245 1 0 |a Avara terra /  |c Massimo Cantoni ; prefazione di Gino Baratta. 
260 |a Siena :  |b \s. n.!,  |c 1984  |e (Siena :  |f Tip. senese) 
300 |a 28 p. ;  |c 21 cm. \\I 
830 0 |a Quaderni di Barbablù ;  |v 22  |0 IT\ICCU\CFI\0047411 
942 |2 ddc  |c BK  |n 0 
952 |0 0  |1 0  |4 0  |6 DOC_851_914000000000000_CAN  |7 0  |9 24886  |a BO  |b BO  |d 2026-01-15  |i 1171  |l 0  |o DOC 851.914 CAN  |p BO1171  |r 2026-01-15 23:23:50  |w 2026-01-15  |x [Sebina 5] [1 v.]  |y BK  |z 1 v. 
952 |0 0  |1 0  |4 0  |6 DOC_851_914000000000000_CAN  |7 0  |9 24887  |a BO  |b BO  |d 2026-01-15  |i 894  |l 0  |o DOC 851.914 CAN  |p BO894  |r 2026-01-15 23:23:50  |w 2026-01-15  |x [Sebina 5] [1 v.]  |y BK  |z 1 v. 
999 |c 21151  |d 21151